Mero Mero no Mi - Statistics

General Stats
  • This quiz has been taken 5 times
  • The average score is 8 of 15
Answer Stats
Hint Answer % Correct
What is the user's blood type? S
100%
What is Mero Mero no Mi in English Love-Love Fruit
80%
What type of Devil Fruit is Mero Mero no Mi? Paramecia
80%
Whenever a man sees the user they turn to _____ if the user wants them to. Stone
80%
What is the user's bounty? 80,000,000
60%
The user is considered the most _________ person in the world. Beautiful
60%
Who ate Mero Mero no Mi? Boa Hancock
60%
What arc was the user an antagonist in? Amazon Lily Arc
40%
Who does the user have a huge crush on? Monkey D. Luffy
40%
What is the user's title? Pirate Empress/Snake Princess
40%
What is the user's former title? Shichibukai/Warlord of the Sea
40%
Name another one of her sisters. Boa Madrigold
20%
Name one of her sisters. Boa Sandersonia
20%
When was she one of the protagonists? (Only need to name one) Summit War Saga/Return to Sabaody Arc/3D2Y Special/Cidre Guild filler Arc/One Piece: Stampede
20%
Who forcefed the fruit to the user? World Noble/Celestial Dragon
20%
No matching quizzes found
Score Distribution
Percent of People with Each Score
Percentile by Number Answered
Your Score History
You have not taken this quiz